Análisis de riesgo y propuesta de categorización de especies introducidas para Colombia (Registro nro. 7344)
[ vista simple ]
| 000 -CABECERA | |
|---|---|
| Campo de control | 01144nam a22002897a 4500 |
| 005 - FECHA Y HORA DE LA ULTIMA TRANSACCION | |
| Campo de control | 20170712020002.0 |
| 008 - ELEMENTOS DE LONGITUD FIJA—INFORMACION GENERAL | |
| Campo de control | s2009 ck r 000 spa d |
| 020 ## - ISBN | |
| ISBN | 9789588343464 |
| 040 ## - FUENTE DE CATALOGACIÓN | |
| Agencia catalogadora original | CO-BoIAVH |
| Agencia transcriptora | CO-BoIAVH |
| 041 0# - IDIOMA | |
| Código de idioma para texto/pista de sonido o título separado | Español |
| 044 ## - PAÍS DE PUBLICACIÓN | |
| País de publicación | Colombia |
| 082 04 - NUMERO DE CLASIFICACION DECIMAL DEWEY | |
| Número de clasificación | 570 |
| Número del ítem | B22a |
| 245 #0 - MENCION DE TITULO | |
| Título | Análisis de riesgo y propuesta de categorización de especies introducidas para Colombia |
| 260 ## - PUBLICACION, DISTRIBUCION, ETC. (PIE DE IMPRENTA) | |
| Lugar de publicación, distribución, etc. | Bogotá, Colombia |
| Nombre del editor, distribuidor, etc. | Instituto de Investigación en Recursos Biológicos Alexander von Humboldt |
| Fecha de publicación, distribución, etc. | 2010 |
| 300 ## - DESCRIPCION FISICA | |
| Extensión | 200 p. |
| Dimensiones | 27 cm. |
| 650 ## - ASIENTO SECUNDARIO DE MATERIA - TERMINO TEMATICO | |
| Término temático o nombre geográfico como elemento de entrada | Especies invasoras |
| Subdivisión general | análisis de riesgo |
| 9 (RLIN) | 40252 |
| 650 ## - ASIENTO SECUNDARIO DE MATERIA - TERMINO TEMATICO | |
| Término temático o nombre geográfico como elemento de entrada | Biodiversidad |
| Subdivisión general | organismos acuáticos |
| 9 (RLIN) | 40253 |
| 650 ## - ASIENTO SECUNDARIO DE MATERIA - TERMINO TEMATICO | |
| Término temático o nombre geográfico como elemento de entrada | Especies introducidas |
| Subdivisión general | Colombia |
| 9 (RLIN) | 40254 |
| 700 ## - ASIENTO SECUNDARIO - NOMBRE PERSONAL | |
| Nombre personal | Baptiste, María Piedad |
| Término de relación | Editora |
| 9 (RLIN) | 40255 |
| 700 ## - ASIENTO SECUNDARIO - NOMBRE PERSONAL | |
| Nombre personal | Castaño, Nicolas |
| Término de relación | Editor |
| 9 (RLIN) | 40256 |
| 700 ## - ASIENTO SECUNDARIO - NOMBRE PERSONAL | |
| Nombre personal | Cárdenas-López, Dairon |
| Término de relación | Editor |
| 9 (RLIN) | 40257 |
| 700 ## - ASIENTO SECUNDARIO - NOMBRE PERSONAL | |
| Nombre personal | Gutiérrez, Francisco de Paula |
| Término de relación | Editor |
| 9 (RLIN) | 249 |
| 700 ## - ASIENTO SECUNDARIO - NOMBRE PERSONAL | |
| Nombre personal | Gil, Diego L. |
| Término de relación | Editor |
| 9 (RLIN) | 40258 |
| 700 ## - ASIENTO SECUNDARIO - NOMBRE PERSONAL | |
| Nombre personal | Lasso, Carlos A. |
| Término de relación | Editor |
| 9 (RLIN) | 242 |
| 856 ## - LOCALIZACION Y ACCESO ELECTRONICOS | |
| Identificador Uniforme del Recurso | http://www.humboldt.org.co/publicaciones/uploads/231_Analisis_riesgo_Invasoras-2010.pdf |
| 942 ## - ELEMENTOS ADICIONALES (KOHA) | |
| Sistema de clasificación | Dewey Decimal Classification |
| Tipo de ítem | Libro |
| Koha issues (borrowed), all copies | 5 |
| Withdrawn status | Lost status | Sistema de Clasificación | Damaged status | No para préstamo | Colección | Inventariado | Ubicación Permanente | Ubicación actual | Fecha de adquisición | Fuente de Valor | Valor | Total Checkouts | Número topográfico | Inventario / Código de Barras | Date last seen | Date checked out | Ejemplar | Price effective from | Forma de adquisición | Tipo de material |
|---|---|---|---|---|---|---|---|---|---|---|---|---|---|---|---|---|---|---|---|---|
| Dewey Decimal Classification | Humboldt | Inventariado 2017 | Bogotá | Bogotá | 04/07/2013 | Instituto | 39000.00 | 5 | IAVH 570 B22a | 028391 | 25/04/2018 | 02/04/2018 | Ej. 1 | 04/07/2013 | Institucional | Libro | ||||
| Dewey Decimal Classification | Humboldt | Inventariado 2017 | Bogotá | Bogotá | 29/09/2015 | Instituto | 39000.00 | 3 | IAVH-570 B22a | 028390 | 01/06/2018 | 01/06/2018 | Ej. 3 | 29/09/2015 | Institucional | Libro | ||||
| Dewey Decimal Classification | Humboldt | Inventariado 2017 | Sala Fabio Quevedo | Sala Fabio Quevedo | 29/07/2014 | Instituto | 39000.00 | IAVH-570 B22a | 038213 | 29/07/2014 | Ej.2 | 29/07/2014 | Libro |